000 00376nam a2200133Ia 4500
005 20260328101448.0
008 260328s9999||||xx |||||||||||||| ||und||
100 _aKunz, Martin Nicholas
245 0 _aBest Designed Hotels in Europe II :
_b Countryside locations /
_cMartin Nicholas Kunz
260 _bAvedition
300 _a127 p.
650 _aARQUITECTURA CIVIL
942 _cBK
999 _c8555
_d8555